Es Chile un país católico?
Guardat en:
| Autor principal: | |
|---|---|
| Format: | Llibre |
| Idioma: | espanyol |
| Publicat: |
Santiago
Splendor
1941
|
| Edició: | 1a. ed |
| Matèries: | |
| Etiquetes: |
Afegir etiqueta
Sense etiquetes, Sigues el primer a etiquetar aquest registre!
|
MARC
| LEADER | 00000nam a2200000 a 4500 | ||
|---|---|---|---|
| 001 | UCJ6151 | ||
| 003 | CL-VaPUC | ||
| 005 | 20250103100402.0 | ||
| 008 | 070124e19410000CL |||||||||||||||||spa|d | ||
| 999 | |c 322259 |d 322257 | ||
| 040 | |c Pontificia Universidad Católica de Valparaíso | ||
| 082 | 0 | 4 | |a 282 |b HUR |2 21 |
| 100 | |a Hurtado Cruchaga, Alberto |e author |9 858078 | ||
| 245 | 1 | 0 | |a Es Chile un país católico? |
| 250 | |a 1a. ed | ||
| 260 | |a Santiago |b Splendor |c 1941 | ||
| 300 | |a 186 p | ||
| 500 | |a 8§.- Anteport. a dos tintas.- Port.- v.: Licencias eclesiásticas.- Dedicatoria.- v. en b.- | ||
| 500 | |a Prólogo de S. E. Monseñor Augusto Salinas, SS. CC., Obispo Auxiliar de Santiago, Asesor General de la Acción Católica | ||
| 583 | |a last modification |c 20150508 09:31:51 |k Rodrigo Vera | ||
| 600 | 0 | 7 | |a SALINAS, AUGUSTO |2 CL-VaPUC |9 512474 |
| 650 | 0 | |a Iglesia Católica |9 256114 | |
| 650 | 0 | |a Laicos |9 255625 | |
| 650 | 7 | |a PASTORAL |2 CL-VaPUC |9 397996 | |
| 650 | 0 | |a Estadísticas |9 258644 | |
| 650 | 7 | |a EVANGELIZACION |2 CL-VaPUC |9 512475 | |
| 650 | 0 | |a Paganismo |9 316776 | |
| 650 | 0 | |a Pobreza |9 258652 | |
| 650 | 0 | |a Problemas sociales |9 258537 | |
| 650 | 0 | |a Alcoholismo |9 259651 | |
| 650 | 0 | |a Educación |9 258661 | |
| 650 | 0 | |a Protestantismo |9 317293 | |
| 650 | 0 | |a Sacerdotes |9 315705 | |
| 650 | 0 | |a Apostolado |9 398055 | |
| 650 | 7 | |a BIBLIOGRAFIA |2 CL-VaPUC |9 256175 | |
| 650 | 7 | |a BEATOS CHILENOS |2 CL-VaPUC |9 512476 | |
| 852 | |a BIBCUR | ||
| 942 | |c BK |2 ddc | ||
| 945 | |d 20070124 00:00:00 |a rinostro | ||
| 952 | |0 0 |1 0 |4 0 |6 282_000000000000000_HUR_1941 |7 0 |8 X |9 401211 |a FDOBUD |b FDOBUD |d 2019-11-22 |i 1044362 |o 282 HUR 1941 |p 1044362 |r 2019-11-22 |w 2019-11-22 |y BK_X |k BUD | ||